Sports Quiz

Random Sports or Baseball Quiz
Score 0/60 Timer 05:00
0 Plays Today
Stat Player % Correct
.487 OBPFrank Thomas
98.1%
.427 OBPFrank Thomas
98.1%
.729 SluggingFrank Thomas
98.1%
.568 SluggingFrank Thomas
98.1%
1.217 OPSFrank Thomas
98.1%
.995 OPSFrank Thomas
98.1%
1327 Runs ScoredFrank Thomas
98.1%
447 DoublesFrank Thomas
98.1%
448 HRsFrank Thomas
98.1%
1465 RBIsFrank Thomas
98.1%
138 WalksFrank Thomas
98.1%
1466 WalksFrank Thomas
98.1%
109 Sac FliesFrank Thomas
98.1%
15 Sac FliesAlbert Belle
86.1%
.340 BAShoeless Joe Jackson
85.2%
21 TriplesShoeless Joe Jackson
85.2%
104 TriplesNellie Fox
83.3%
201 SavesBobby Thigpen
81.5%
57 SavesBobby Thigpen
81.5%
48 DoublesAlbert Belle
80.6%
49 HRsAlbert Belle
80.6%
152 RBIsAlbert Belle
80.6%
69.9 WAR (Batter)Luke Appling
77.8%
.388 BALuke Appling
77.8%
8856 ABsLuke Appling
77.8%
2749 HitsLuke Appling
77.8%
9.1 WAR (Batter)Eddie Collins
75%
224 HitsEddie Collins
75%
1224 StrikeoutsPaul Konerko
75%
368 SBsEddie Collins
75%
Stat Player % Correct
222 StrikeoutsAdam Dunn
73.1%
11.5 WAR (Pitcher)Wilbur Wood
71.3%
88 Games PitchedWilbur Wood
71.3%
23 HBPMinnie Minoso
67.6%
260 WinsTed Lyons
67.6%
230 LossesTed Lyons
67.6%
4161 IPTed Lyons
67.6%
356 CGsTed Lyons
67.6%
1.27 ERAEd Walsh
64.8%
1.81 ERAEd Walsh
64.8%
40 WinsEd Walsh
64.8%
57 ShutoutsEd Walsh
64.8%
0.820 WHIPEd Walsh
64.8%
464 IPEd Walsh
64.8%
269 KsEd Walsh
64.8%
42 CGsEd Walsh
64.8%
11 ShutoutsEd Walsh
64.8%
1796 KsBilly Pierce
63%
145 HBPMinnie Minoso
51.9%
61.9 WAR (Pitcher)Red Faber
48.1%
669 Games PitchedRed Faber
48.1%
1213 Bases on BallsRed Faber
48.1%
77 SBsRudy Law
45.4%
0.935 WHIPHoyt Wilhelm
34.3%
661 ABsOrlando Cabrera
28.7%
135 Runs ScoredJohnny Mostil
22.2%
10.509 Ks per 9 IPKeith Foulke
22.2%
8.560 Ks per 9 IPJavier Vazquez
14.8%
25 LossesPatsy Flaherty
3.7%
147 Bases on BallsVern Kennedy
1.9%
Remove Ads.
Support Sporcle.
Get the best of Sporcle when you Go Orange. This ad-free experience offers more features, more stats, and more fun while also helping to support Sporcle. Thank you for becoming a member.

You're not logged in!

Compare scores with friends on all Sporcle quizzes.
OR
Log In

Show Comments

Extras

Top Quizzes Today


Score Distribution

Your Account Isn't Verified!

In order to create a playlist on Sporcle, you need to verify the email address you used during registration. Go to your Sporcle Settings to finish the process.

Report this User

Report this user for behavior that violates our Community Guidelines.

Details: